| 000 | 02472cam a2200385 i 4500 | ||
|---|---|---|---|
| 001 | 23635687 | ||
| 005 | 20250408084923.0 | ||
| 008 | 240409t20222022nyua 001 0 eng d | ||
| 010 | _a 2024404017 | ||
| 015 |
_aGBC2H4725 _2bnb |
||
| 016 | 7 |
_a020763968 _2Uk |
|
| 020 | _a9780241515891 | ||
| 035 | _a(OCoLC)on1296118706 | ||
| 040 |
_aYDX _beng _erda _cYDX _dBDX _dATNSH _dUKMGB _dGK8 _dOCLCF _dIEB _dOCO _dNZAUC _dT7L _dCGP _dOCLCO _dOCLCL _dDLC |
||
| 041 | _aeng | ||
| 042 | _alccopycat | ||
| 050 | 0 | 0 |
_aQP376 _b.B75 2022 |
| 245 | 0 | 0 |
_aSimply the brain _c/ contributors, Liam Drew, Alina Ivan, Susan Watt, Emma Yhnell. |
| 246 | 3 | 0 | _aBrain |
| 250 | _aFirst American edition. | ||
| 260 |
_aNew York, NY : _bDK Publishing, _c2022. |
||
| 300 |
_a160 pages : _bcolor illustrations ; _c22 cm. |
||
| 490 | _aSimply | ||
| 500 | _aIncludes index. | ||
| 505 | 0 | _aThe human brain — The sensational world — Moods and emotions — Individuality — Memory and learning — Communication — The brain and action — The social brain — Neurodiversity — The rational brain — The conscious brain. | |
| 520 | _aThe clearest, simplest guide to understanding the human brain. The human brain is a most remarkable organ, but how well do we really understand the way it works? Discover more about what goes on in your head with this guide to the brain and the mind, based on the latest neuroscience research. What is a brain and what is the mind? Do you only use 10% of your brain? Why do some people hear colour? Simply The Brain explores everything that goes on in the brain when you think, feel, and perceive the world around you. If you simply want a jargon-free reference to the mind and the brain, this essential guide is packed with everything you need to understand the basics quickly and easily. Covering more than 90 key ideas from neurons and nerves to forming memories and brain implants, each pared-back entry explains the concept more clearly than ever before. Combining bold, elegant graphics with easy-to-understand text, Simply The Brain is the perfect introduction to the subject for those who are short of time but hungry for knowledge. | ||
| 650 | 0 |
_aBrain _vPopular works _911753 |
|
| 650 | 0 |
_aBrain _99635 |
|
| 655 | 0 |
_aPopular works _925134 |
|
| 700 |
_aDrew, Liam _econtributor _925135 |
||
| 700 |
_aIvan, Alina _econtributor _925136 |
||
| 700 |
_aWatt, Susan _d1958- _econtributor _925137 |
||
| 700 |
_aYhnell, Emma _econtributor _925138 |
||
| 942 | _2lcc | ||
| 999 |
_c4634 _d4634 |
||